Statistics for SZA - Far (All Lyrics)

Click here to take the quiz!

General Stats

  • This quiz has been taken 10 times
  • The average score is 264 of 365

Answer Stats

Answer% Correct
a
100%
Far,
100%
far,
100%
far
100%
feel
100%
I
100%
(I
100%
be
89%
being
89%
'cause
89%
cool
89%
do
89%
Done
89%
done
89%
don't
89%
like
89%
me
89%
my
89%
n****
89%
nobody
89%
(Nobody
89%
of
89%
on
89%
so)
89%
so
89%
stay
89%
stupid
89%
trust
89%
you
89%
you,
89%
your
89%
all
78%
away
78%
before
78%
bullshit
78%
can't
78%
cardio
78%
Fuck
78%
go,
78%
go
78%
how
78%
How
78%
I'm
78%
in
78%
it
78%
it)
78%
It
78%
none
78%
playing
78%
recognize
78%
shit,
78%
shit
78%
than
78%
that
78%
that,
78%
to
78%
tree
78%
us
78%
want
78%
when
78%
at
67%
back
67%
clueless
67%
deal
67%
define
67%
door
67%
enemy,
67%
enemy
67%
Everything
67%
feeling
67%
for
67%
just
67%
Lately,
67%
less
67%
let
67%
love
67%
rejection?
67%
rejection
67%
reminds
67%
right
67%
sanity
67%
the
67%
used,
67%
wants
67%
with
67%
as
56%
(Better
56%
Better
56%
call
56%
feelings
56%
free
56%
got
56%
(Got
56%
he
56%
letting
56%
lot
56%
mind,
56%
palm
56%
party,
56%
remember
56%
running
56%
that's
56%
That's
56%
wash
56%
you're
56%
Always
44%
an
44%
and
44%
check
44%
dealing
44%
down
44%
ego)
44%
emotions
44%
fell
44%
find
44%
had
44%
If
44%
is
44%
layaway,
44%
need
44%
Need
44%
oh)
44%
Oh,
44%
out,
44%
out
44%
upside-
44%
ain't
33%
few
33%
now
33%
put
33%
rather
33%
special)
33%
Tried
33%
very
33%
brews,
22%
burnt
22%
Dragging
22%
drinking
22%
faking
22%
going)
22%
good,
22%
great
22%
hard
22%
here
22%
hero)
22%
it's
22%
Made
22%
makes
22%
private,
22%
'round
22%
scared
22%
screwed,
22%
small
22%
tell
22%
turn
22%
wasn't
22%
feed
11%
getting
11%
I'd
11%
Stress
11%
though
11%
Too
11%
appetite,
0%
bad
0%
belt)
0%
garter
0%
hungry
0%
ready
0%
really
0%
under
0%

Score Distribution

Percentile by Number Answered

Percent of People with Each Score

Your Score History

You have not taken this quiz